000 00576 a2200205 4500
003 0000
005 20260407115148.0
020 _a9781032713021
040 _erda
050 _aG 70.4
_b.A57 2024
100 _4Author
_aAnselin, Luc
245 _aAn introduction to spatial data science with GeoDa:
_bclustering spatial data/
_cLuc Anselin.
264 _aBoca Raton
_bCRC Press
_c2024
300 _axix, 217p.
_bill.:
336 _2rdacontent
338 _2rdacarrier
500 _aincludes Bibliography and Index
648 _2Spatial Data Science
942 _2lcc
_cBK
999 _c44266
_d44266